政令市内に駅があるJR在来線 - Statistics

General Stats
  • This quiz has been taken 1,035 times
  • The average score is 64 of 76
Answer Stats
Hint Answer % Correct
さいたま市 東北本線
98%
川崎市 東海道本線
98%
横浜市 東海道本線
98%
大阪市 東海道本線
97%
仙台市 東北本線
96%
静岡市 東海道本線
96%
浜松市 東海道本線
96%
名古屋市 東海道本線
96%
京都市 東海道本線
96%
神戸市 東海道本線
96%
山陽本線
95%
岡山市 山陽本線
95%
広島市 山陽本線
95%
山陽本線
95%
札幌市 函館本線
94%
中央本線
93%
中央本線
93%
京葉線
92%
横浜線
92%
相模原市 横浜線
92%
山陰本線
92%
千葉市 総武本線
91%
品鶴線
91%
高崎線
90%
内房線
90%
大阪環状線
90%
外房線
89%
北九州市 鹿児島本線
89%
福岡市 鹿児島本線
89%
熊本市 鹿児島本線
89%
奈良線
88%
仙山線
87%
南武線
87%
南武線
87%
関西本線
87%
関西本線
87%
仙石線
86%
札沼線
85%
武蔵野線
85%
鶴見線
85%
鶴見線
85%
相模線
85%
千歳線
84%
新潟市 信越本線
84%
阪和線
84%
堺市 阪和線
84%
埼京線
83%
川越線
82%
湖西線
82%
根岸線
81%
飯田線
81%
本四備讃線
81%
羽越本線
80%
福知山線
80%
呉線
80%
日豊本線
79%
おおさか東線
78%
JR東西線
78%
芸備線
77%
白新線
76%
片町線
76%
桜島線
76%
越後線
72%
宇野線
71%
津山線
71%
吉備線
71%
赤穂線
70%
豊肥本線
70%
可部線
69%
筑豊本線
69%
磐越西線
65%
香椎線
65%
筑肥線
64%
篠栗線
63%
日田彦山線
56%
博多南線
56%
No matching quizzes found
Score Distribution
Percent of People with Each Score
Percentile by Number Answered
Your Score History
You have not taken this quiz